Third Gender in Hindi Novels/ (Record no. 204818)

MARC details
000 -LEADER
fixed length control field 00639nam a22001937a 4500
005 - DATE AND TIME OF LATEST TRANSACTION
control field 20240813153538.0
010 ## - LCCN (DPL NO)
LC control number ENG-141220
020 ## - INTERNATIONAL STANDARD BOOK NUMBER
International Standard Book Number 9789393219541
Terms of availability 500.00
035 ## - SYSTEM CONTROL NUMBER
System control number EN-124752
037 ## - SOURCE OF ACQUISITION
Source of stock number/acquisition DBAD
082 ## - DEWEY DECIMAL CLASSIFICATION NUMBER
Classification number N
Edition number First
100 ## - MAIN ENTRY--PERSONAL NAME
Personal name Vijendra Pratap Singh
245 ## - TITLE STATEMENT
Title Third Gender in Hindi Novels/
Statement of responsibility, etc by Vijendra Pratap Singh and translated by Neelesh
260 ## - PUBLICATION, DISTRIBUTION, ETC. (IMPRINT)
Place of publication, distribution, etc Delhi
Name of publisher, distributor, etc Rising Stars
Date of publication, distribution, etc 2024
270 ## - ADDRESS
Address 600/5-A, Adarsh Mohalla, Gali No.-15, Maujpur
City Delhi
Postal code 110053
Telephone number 9891985727
Electronic mail address Pushpenderkumar163@gmail.com
300 ## - PHYSICAL DESCRIPTION
Extent 155P;
Dimensions 22cm(hb)
700 ## - ADDED ENTRY--PERSONAL NAME
9 (RLIN) 69414
Personal name Translated by Neelesh
942 ## - ADDED ENTRY ELEMENTS (KOHA)
Source of classification or shelving scheme Dewey Decimal Classification
Item type English Books
Classification part N
Call number suffix VIJ
Holdings
Withdrawn status Lost status Not for loan Collection code Home library Current library Date acquired Source of acquisition Cost, normal purchase price Full call number Barcode Copy number Cost, replacement price Koha item type
      Non-fiction Patel Nagar Patel Nagar 05/08/2024 DBAD 500.00 N VIJ EN-124752 1 500.00 English Books

© Delhi Public Library
Hit Counter
free hit counter